Countries beginning with W or X - Statistics

General Stats
  • This quiz has been taken 73 times
  • The average score is 4 of 12
Answer Stats
Hint Answer % Correct
W A principality until it was overtaken by Edward Plantagenet I Wales
77%
W Common English name for the former country FRG West Germany
52%
W A disputed territory semi-recognised by UN member states Western Sahara
45%
W An Anglo-Saxon kingdom unified by Æthelstan Wessex
42%
W An archaism and sometimes a literal translation for Belarus White Russia
38%
W The name for what Germany was in the early 20th century Weimar Republic
31%
W A South-Pacific island nation which changed its name from this in 1997 Western Samoa
29%
W A French South Pacific territory partly named after a Cornish explorer Wallis and Futuna
26%
W A former principality ruled by Vlad the Impaler Wallachia
25%
W Asian country that was called this until 1970 West Pakistan
22%
X This country is called Xīnjiāpō Gònghéguó in one of its native languages Singapore
12%
X A reigon with a contentious state of sovreignty, also sometimes referred to as Xizang Tibet
12%
No matching quizzes found
Score Distribution
Percent of People with Each Score
Percentile by Number Answered
Your Score History
You have not taken this quiz